000 00647nam a2200241Ia 4500
003 OSt
005 20220924134752.0
006 a|||||r|||| 00| 0
007 ta
008 220923b |||||||| |||| 00| 0 ben d
024 _a287103
037 _cTextual
040 _aARTS
_cARTS
_bben
041 _2ben
_aben
082 _aa12-3157,1273,M, 157M4
100 _aMian Muhammad Shahjahan
_9209199
245 0 _aBangla pandulipi pathasamiksha
260 _c1984
300 _a243p.
_ccm.
650 _aBIBLIOGRAPHY
942 _ha12-3157,1273,M, 157M4
_cTEXL
_2CC
999 _c438497
_d438497